[Event "Berlin-ch Seniors op 39th"]
[Site "Berlin"]
[Date "2023.01.28"]
[Round "5"]
[White "Postler, Reinhard"]
[Black "Wolf, Christian"]
[Result "1-0"]
[WhiteElo "2202"]
[BlackElo "2083"]
[PlyCount "55"]
[EventDate "2023.01.24"]
[EventType "swiss"]
[EventRounds "9"]
[EventCountry "GER"]
[SourceTitle "CBM 212 Extra"]
[Source "ChessBase"]
[SourceDate "2023.03.31"]
[SourceVersion "1"]
[SourceVersionDate "2023.03.31"]
[SourceQuality "1"]

1. e4 c5 2. Nf3 d6 3. d4 cxd4 4. Nxd4 Nf6 5. Nc3 Nc6 6. Bg5 e6 7. Qd2 a6 8. 0-0-0 Bd7 9. f4 Be7 10. Nf3 b5 11. Bd3 Qb6 12. Kb1 0-0-0 13. Rhe1 Kb8 14. e5 b4 15. exf6 bxc3 16. Qxc3 gxf6 17. Bxf6 Rhg8 18. g3 h5 19. Ng5 Rgf8 20. Bg7 Ka7 21. Bxf8 Rxf8 22. Qg7 e5 23. Bc4 Rb8 24. b3 d5 25. Bxd5 Bb4 26. Re4 Rb7 27. Rc4 Na5 28. Rxb4 1-0

[Event "Oberliga Nord O 2122"]
[Site "Germany"]
[Date "2022.03.06"]
[Round "6.4"]
[White "Modler, Andreas"]
[Black "Postler, Reinhard"]
[Result "1-0"]
[WhiteElo "2215"]
[BlackElo "2184"]
[PlyCount "67"]
[EventDate "2021.10.31"]
[EventType "team-tourn"]
[EventRounds "9"]
[EventCountry "GER"]
[SourceTitle "EXT 2023"]
[Source "ChessBase"]
[SourceDate "2022.10.05"]
[SourceVersion "1"]
[SourceVersionDate "2022.10.05"]
[SourceQuality "1"]
[WhiteTeam "Berlin SF III"]
[BlackTeam "Oberschoeneweide"]
[WhiteTeamCountry "GER"]
[BlackTeamCountry "GER"]

1. c4 c6 2. Nf3 d5 3. e3 Nf6 4. Nc3 e6 5. Qc2 Bd6 6. b3 Nbd7 7. d4 Qe7 8. Be2 0-0 9. 0-0 b6 10. Bb2 Bb7 11. Rad1 Rfe8 12. Rfe1 e5 13. dxe5 Nxe5 14. cxd5 cxd5 15. Nb5 Nxf3+ 16. Bxf3 Rac8 17. Qf5 Bb4 18. Rf1 Rc5 19. Bxf6 Qxf6 20. Qxf6 gxf6 21. Nd6 Re7 22. Nxb7 Rxb7 23. Rxd5 Rxd5 24. Bxd5 Rc7 25. Bc4 Rd7 26. a4 f5 27. g3 Kg7 28. Rc1 Bc5 29. Kg2 a5 30. Kf3 Kf6 31. Ke2 Bb4 32. Bd3 Bc5 33. Rc4 Rd5 34. Rh4 1-0

[Event "EUR-chT Seniors 65"]
[Site "Prague"]
[Date "2021.09.07"]
[Round "9.4"]
[White "Spacek, Petr"]
[Black "Postler, Reinhard"]
[Result "1/2-1/2"]
[WhiteElo "2318"]
[BlackElo "2250"]
[PlyCount "33"]
[EventDate "2021.08.30"]
[EventType "team-swiss"]
[EventRounds "9"]
[EventCountry "CZE"]
[SourceTitle "CBM 204 Extra"]
[Source "ChessBase"]
[SourceDate "2021.11.30"]
[SourceVersion "1"]
[SourceVersionDate "2021.11.30"]
[SourceQuality "1"]
[WhiteTeam "Lysa nad Labem 65"]
[BlackTeam "Germany 65"]
[WhiteTeamCountry "CZE"]
[BlackTeamCountry "GER"]

1. Nf3 d5 2. d4 Nf6 3. c4 c6 4. Qc2 dxc4 5. Qxc4 Bf5 6. g3 e6 7. Bg2 Nbd7 8. 0-0 Be7 9. e3 0-0 10. Qe2 Ne4 11. Nfd2 Nxd2 12. Bxd2 Bg6 13. Nc3 f5 14. Rfd1 Nf6 15. f3 Kh8 16. Rac1 Bd6 17. e4 1/2-1/2

[Event "EUR-chT Seniors 65"]
[Site "Prague"]
[Date "2021.09.04"]
[Round "6.3"]
[White "Pilar, Miloslav"]
[Black "Postler, Reinhard"]
[Result "1-0"]
[WhiteElo "2035"]
[BlackElo "2250"]
[PlyCount "61"]
[EventDate "2021.08.30"]
[EventType "team-swiss"]
[EventRounds "9"]
[EventCountry "CZE"]
[SourceTitle "CBM 204 Extra"]
[Source "ChessBase"]
[SourceDate "2021.11.30"]
[SourceVersion "1"]
[SourceVersionDate "2021.11.30"]
[SourceQuality "1"]
[WhiteTeam "Vysehrad SK Sokol 65"]
[BlackTeam "Germany 65"]
[WhiteTeamCountry "CZE"]
[BlackTeamCountry "GER"]

1. d4 d5 2. Nf3 Nf6 3. c4 e6 4. Nc3 c6 5. cxd5 exd5 6. Bg5 Be7 7. e3 Bf5 8. Bd3 Bxd3 9. Qxd3 0-0 10. 0-0 Nbd7 11. a3 Ne4 12. Bf4 Ndf6 13. Be5 Re8 14. Bxf6 Nxf6 15. b4 a6 16. Rfc1 Bd6 17. Na4 Qc7 18. Nc5 b6 19. Nxa6 Qb7 20. b5 cxb5 21. Nb4 Ra5 22. Nc6 Ra4 23. Qxb5 Rea8 24. g3 Rxa3 25. Rxa3 Rxa3 26. Rc2 Qa6 27. Qxa6 Rxa6 28. Kg2 Kf8 29. Nfe5 Bxe5 30. dxe5 Nd7 31. Nb4 1-0

[Event "EUR-chT Seniors 65"]
[Site "Prague"]
[Date "2021.09.01"]
[Round "3.3"]
[White "Postler, Reinhard"]
[Black "Berkovich, Mark A"]
[Result "0-1"]
[WhiteElo "2250"]
[BlackElo "2323"]
[PlyCount "88"]
[EventDate "2021.08.30"]
[EventType "team-swiss"]
[EventRounds "9"]
[EventCountry "CZE"]
[SourceTitle "CBM 204 Extra"]
[Source "ChessBase"]
[SourceDate "2021.11.30"]
[SourceVersion "1"]
[SourceVersionDate "2021.11.30"]
[SourceQuality "1"]
[WhiteTeam "Germany 65"]
[BlackTeam "Israel 65"]
[WhiteTeamCountry "GER"]
[BlackTeamCountry "ISR"]

1. e4 e5 2. Nf3 d6 3. d4 Nf6 4. Nc3 Nbd7 5. Be2 Be7 6. 0-0 0-0 7. Re1 c6 8. a4 Re8 9. Bf1 Bf8 10. a5 Qc7 11. h3 exd4 12. Nxd4 Nc5 13. f3 d5 14. exd5 Bxh3 15. Nce2 Bd7 16. dxc6 bxc6 17. Bf4 Qb7 18. Qc1 Nd5 19. Bg3 Ne3 20. Bf4 Nxf1 21. Rxf1 Ne6 22. Be3 Rab8 23. Nxe6 Rxe6 24. Nd4 Ree8 25. Nb3 Bf5 26. a6 Qc7 27. Nd4 Bg6 28. Bf4 Qb6 29. c3 Rbd8 30. b4 c5 31. bxc5 Bxc5 32. Be3 Bd3 33. Rf2 h6 34. Rb2 Qf6 35. Bf2 Bxa6 36. Nb3 Bxf2+ 37. Rxf2 Qb6 38. Nd4 Bc4 39. Qa3 a6 40. Qb2 Qg6 41. Qb1 Bd3 42. Qb4 Rc8 43. Qa3 Qg5 44. Qc1 Qc5 0-1

[Event "GER-ch Seniors 65 32nd"]
[Site "Magdeburg"]
[Date "2020.08.21"]
[Round "8"]
[White "Postler, Reinhard"]
[Black "Dresen, Ulrich"]
[Result "0-1"]
[WhiteElo "2238"]
[BlackElo "2230"]
[PlyCount "63"]
[EventDate "2020.08.14"]
[EventType "swiss"]
[EventRounds "9"]
[EventCountry "GER"]
[SourceTitle "EXT 2021"]
[Source "ChessBase"]
[SourceDate "2020.10.23"]
[SourceVersion "1"]
[SourceVersionDate "2020.10.23"]
[SourceQuality "1"]

1. e4 e5 2. Nf3 Nc6 3. Bb5 a6 4. Ba4 Nf6 5. 0-0 Be7 6. Re1 b5 7. Bb3 d6 8. a3 0-0 9. d3 Be6 10. Nc3 Bxb3 11. cxb3 Nd4 12. Nxd4 exd4 13. Ne2 c5 14. Bg5 Nd7 15. Bxe7 Qxe7 16. Nf4 Nf6 17. h4 Qe5 18. g3 h5 19. Rc1 Rac8 20. Qf3 Rfe8 21. Kf1 g6 22. Re2 Re7 23. Rcc2 Kg7 24. Kg2 Rec7 25. Nd5 Nxd5 26. exd5 Qf5 27. Re4 Qxd5 28. Ree2 Qf5 29. Qe4 Qxe4+ 30. Rxe4 c4 31. bxc4 bxc4 32. Rxd4 0-1

[Event "GER-ch Seniors 65 32nd"]
[Site "Magdeburg"]
[Date "2020.08.14"]
[Round "1"]
[White "Postler, Reinhard"]
[Black "Hilbig, Dieter"]
[Result "1/2-1/2"]
[WhiteElo "2238"]
[BlackElo "1884"]
[PlyCount "48"]
[EventDate "2020.08.14"]
[EventType "swiss"]
[EventRounds "9"]
[EventCountry "GER"]
[SourceTitle "EXT 2021"]
[Source "ChessBase"]
[SourceDate "2020.10.23"]
[SourceVersion "1"]
[SourceVersionDate "2020.10.23"]
[SourceQuality "1"]

1. e4 c5 2. Nf3 Nc6 3. d4 cxd4 4. Nxd4 e5 5. Nb5 d6 6. N1c3 a6 7. Na3 Be7 8. Nd5 Be6 9. Be3 Bxd5 10. exd5 Nb8 11. Nc4 Nd7 12. a4 f5 13. f4 e4 14. a5 Ngf6 15. Be2 h5 16. 0-0 Kf7 17. Nb6 Rb8 18. c4 g6 19. Qb3 Nc5 20. Qc3 Ng4 21. Bd4 Bf6 22. Bxf6 Qxf6 23. Ra3 Rhe8 24. Qxf6+ Nxf6 1/2-1/2

[Event "Berlin-ch Seniors op 36th"]
[Site "Berlin"]
[Date "2020.02.05"]
[Round "8.2"]
[White "Postler, Reinhard"]
[Black "Albrecht, Rainer"]
[Result "1-0"]
[WhiteElo "2228"]
[BlackElo "2046"]
[PlyCount "73"]
[EventDate "2020.01.28"]
[EventType "swiss"]
[EventRounds "9"]
[EventCountry "GER"]
[SourceTitle "EXT 2024"]
[Source "ChessBase"]
[SourceDate "2023.10.10"]
[SourceVersion "1"]
[SourceVersionDate "2023.10.10"]
[SourceQuality "1"]

1. e4 e6 2. d4 d5 3. Nd2 Nf6 4. e5 Nfd7 5. f4 c5 6. c3 Nc6 7. Ndf3 Rb8 8. Bd3 g6 9. Ne2 b5 10. g4 h5 11. gxh5 Rxh5 12. Ng3 Rh8 13. h4 b4 14. h5 bxc3 15. bxc3 Qa5 16. Bd2 cxd4 17. cxd4 Qa3 18. Qe2 Nb4 19. Bxb4 Bxb4+ 20. Kf2 Rg8 21. hxg6 fxg6 22. Qc2 Bc3 23. Bxg6+ Kd8 24. Rab1 Rb2 25. Rxb2 Qxb2 26. Qxb2 Bxb2 27. Bf7 Rf8 28. Rh7 Nb8 29. Nh4 Bxd4+ 30. Kf3 Kd7 31. Ng6 Rxf7 32. Rxf7+ Kd8 33. f5 exf5 34. Nxf5 Bc5 35. Nd6 Be6 36. Rf6 Bd7 37. Nb7+ 1-0

[Event "Berlin-ch Seniors op 36th"]
[Site "Berlin"]
[Date "2020.02.04"]
[Round "7.2"]
[White "Postler, Reinhard"]
[Black "Vandre, Wolfgang"]
[Result "1-0"]
[WhiteElo "2228"]
[BlackElo "2099"]
[PlyCount "49"]
[EventDate "2020.01.28"]
[EventType "swiss"]
[EventRounds "9"]
[EventCountry "GER"]
[SourceTitle "EXT 2024"]
[Source "ChessBase"]
[SourceDate "2023.10.10"]
[SourceVersion "1"]
[SourceVersionDate "2023.10.10"]
[SourceQuality "1"]

1. e4 c5 2. Nf3 d6 3. d4 cxd4 4. Nxd4 Nf6 5. Nc3 a6 6. f4 e5 7. Nf3 Nbd7 8. a4 Qc7 9. Bd3 Be7 10. 0-0 b6 11. Kh1 Bb7 12. Qe2 0-0 13. fxe5 Nxe5 14. Nxe5 dxe5 15. Bg5 Ne8 16. Bd2 Rd8 17. Nd5 Bxd5 18. exd5 g6 19. Bc3 Rxd5 20. Bxa6 Rc5 21. Rad1 Ng7 22. Bb5 Rd8 23. Rxd8+ Bxd8 24. Rd1 Qe7 25. Bb4 1-0

[Event "Berlin-ch Seniors op 36th"]
[Site "Berlin"]
[Date "2020.02.03"]
[Round "6.1"]
[White "Schulz, Michael"]
[Black "Postler, Reinhard"]
[Result "1-0"]
[WhiteElo "2142"]
[BlackElo "2228"]
[PlyCount "65"]
[EventDate "2020.01.28"]
[EventType "swiss"]
[EventRounds "9"]
[EventCountry "GER"]
[SourceTitle "EXT 2024"]
[Source "ChessBase"]
[SourceDate "2023.10.10"]
[SourceVersion "1"]
[SourceVersionDate "2023.10.10"]
[SourceQuality "1"]

1. e4 c5 2. Nf3 e6 3. b4 cxb4 4. d4 Nf6 5. Bd3 d5 6. e5 Ne4 7. 0-0 Nc6 8. Re1 Be7 9. Bxe4 dxe4 10. Rxe4 0-0 11. h4 f6 12. exf6 Bxf6 13. Bg5 Qd5 14. Qd3 Bxg5 15. Nxg5 Qf5 16. Nd2 Bd7 17. Ndf3 g6 18. Rae1 Rae8 19. Qb3 Kh8 20. R1e2 Qd5 21. Nxe6 Qxb3 22. cxb3 Bxe6 23. Rxe6 Rxe6 24. Rxe6 Rd8 25. Ne5 Rxd4 26. Nxc6 bxc6 27. Rxc6 Rxh4 28. Ra6 Rd4 29. Rxa7 Rd2 30. f3 h5 31. Kh2 h4 32. Kh3 g5 33. Ra5 1-0

[Event "Berlin-ch Seniors op 36th"]
[Site "Berlin"]
[Date "2020.01.31"]
[Round "4.1"]
[White "Kollberg, Lothar"]
[Black "Postler, Reinhard"]
[Result "1-0"]
[WhiteElo "2058"]
[BlackElo "2228"]
[PlyCount "50"]
[EventDate "2020.01.28"]
[EventType "swiss"]
[EventRounds "9"]
[EventCountry "GER"]
[SourceTitle "EXT 2024"]
[Source "ChessBase"]
[SourceDate "2023.10.10"]
[SourceVersion "1"]
[SourceVersionDate "2023.10.10"]
[SourceQuality "1"]

1. d4 d5 2. c4 e6 3. Nc3 c6 4. e3 Nf6 5. Nf3 Nbd7 6. b3 Bd6 7. Bd3 Qe7 8. e4 Bb4 9. 0-0 Bxc3 10. e5 Ne4 11. Rb1 c5 12. cxd5 exd5 13. Qc2 cxd4 14. Bxe4 dxe4 15. Bg5 Qe6 16. Qxe4 Nc5 17. Qe2 Qa6 18. Qc2 Qg6 19. Qe2 Bg4 20. e6 Qxe6 21. Qb5+ Qc6 22. Nxd4 Bxd4 23. Rfe1+ Ne6 24. Qd3 Qd5 25. Kf1 Qd8 1-0

[Event "Berlin Lichtenrade op 15th"]
[Site "Berlin"]
[Date "2019.10.20"]
[Round "9"]
[White "Starostits, Ilmars"]
[Black "Postler, Reinhard"]
[Result "1-0"]
[WhiteElo "2479"]
[BlackElo "2240"]
[PlyCount "53"]
[EventDate "2019.10.12"]
[EventType "swiss"]
[EventRounds "9"]
[EventCountry "GER"]
[SourceTitle "CBM 192 Extra"]
[Source "Chessbase"]
[SourceDate "2019.11.06"]
[SourceVersion "1"]
[SourceVersionDate "2019.11.06"]
[SourceQuality "1"]

1. d4 d5 2. c4 e6 3. Nf3 Nf6 4. g3 c6 5. Bg2 dxc4 6. 0-0 b5 7. a4 Bb7 8. b3 cxb3 9. Qxb3 c5 10. dxc5 Nfd7 11. Be3 Qa5 12. Nbd2 Bd5 13. Qb2 b4 14. Rfc1 Nc6 15. Bh6 Nf6 16. e4 Nxe4 17. Nxe4 Bxe4 18. Bxg7 Rg8 19. Bxf8 Kxf8 20. Ng5 Rxg5 21. Bxe4 Rc8 22. Qf6 Qd8 23. Qh8+ Rg8 24. Qxh7 Nd4 25. Qh6+ Rg7 26. Rd1 e5 27. Qh8+ 1-0

[Event "Berlin Lichtenrade op 15th"]
[Site "Berlin"]
[Date "2019.10.17"]
[Round "6"]
[White "Postler, Reinhard"]
[Black "Daverkausen, Bernd"]
[Result "1/2-1/2"]
[WhiteElo "2240"]
[BlackElo "2122"]
[PlyCount "57"]
[EventDate "2019.10.12"]
[EventType "swiss"]
[EventRounds "9"]
[EventCountry "GER"]
[SourceTitle "CBM 192 Extra"]
[Source "Chessbase"]
[SourceDate "2019.11.06"]
[SourceVersion "1"]
[SourceVersionDate "2019.11.06"]
[SourceQuality "1"]

1. e4 c5 2. Nf3 Nc6 3. d4 cxd4 4. Nxd4 e5 5. Nb5 d6 6. c4 Be7 7. N1c3 a6 8. Na3 f5 9. exf5 Bxf5 10. Bd3 Be6 11. Nc2 Nf6 12. Ne3 0-0 13. 0-0 Qd7 14. Ned5 Rae8 15. Be3 Bd8 16. f3 Nd4 17. Qd2 Qf7 18. Be4 Nf5 19. Bf2 Kh8 20. b3 Nxe4 21. Nxe4 Bxd5 22. cxd5 Qd7 23. a4 Be7 24. Rac1 Rc8 25. Qb4 Kg8 26. Qb6 Bd8 27. Qb4 Be7 28. Qb6 Bd8 29. Qb4 1/2-1/2

[Event "Berlin Lichtenrade op 15th"]
[Site "Berlin"]
[Date "2019.10.16"]
[Round "5"]
[White "Bolk, Matthias"]
[Black "Postler, Reinhard"]
[Result "0-1"]
[WhiteElo "2087"]
[BlackElo "2240"]
[PlyCount "64"]
[EventDate "2019.10.12"]
[EventType "swiss"]
[EventRounds "9"]
[EventCountry "GER"]
[SourceTitle "CBM 192 Extra"]
[Source "Chessbase"]
[SourceDate "2019.11.06"]
[SourceVersion "1"]
[SourceVersionDate "2019.11.06"]
[SourceQuality "1"]

1. b4 d5 2. Bb2 e6 3. b5 Nf6 4. e3 c5 5. Nf3 Nbd7 6. c4 b6 7. Be2 Bb7 8. 0-0 Bd6 9. d4 0-0 10. Nbd2 Qc7 11. h3 Rfe8 12. a4 Rad8 13. a5 e5 14. axb6 axb6 15. dxe5 Nxe5 16. Nxe5 Bxe5 17. Bxe5 Qxe5 18. Ra7 Qb8 19. Ra2 d4 20. exd4 Rxd4 21. Bf3 Ne4 22. Bxe4 Bxe4 23. Qa4 Bb7 24. Nb3 Rd3 25. Rd2 Rxd2 26. Nxd2 h6 27. Qb3 Qf4 28. Qd3 Re6 29. Rd1 Rd6 30. Qe2 Kh7 31. Qg4 Qe5 32. Nf1 Rg6 0-1

[Event "Berlin Lichtenrade op 15th"]
[Site "Berlin"]
[Date "2019.10.14"]
[Round "3"]
[White "Tedesco, Gennaro"]
[Black "Postler, Reinhard"]
[Result "0-1"]
[WhiteElo "1646"]
[BlackElo "2240"]
[PlyCount "78"]
[EventDate "2019.10.12"]
[EventType "swiss"]
[EventRounds "9"]
[EventCountry "GER"]
[SourceTitle "CBM 195 Extra"]
[Source "ChessBase"]
[SourceDate "2020.05.31"]
[SourceVersion "1"]
[SourceVersionDate "2020.05.31"]
[SourceQuality "1"]

1. d4 Nf6 2. c4 e6 3. Nf3 c5 4. d5 exd5 5. cxd5 d6 6. Nc3 g6 7. e4 Bg7 8. Be2 0-0 9. 0-0 a6 10. a4 Bg4 11. Nd2 Bxe2 12. Qxe2 Nbd7 13. Nc4 Nb6 14. Bf4 Nxc4 15. Qxc4 Re8 16. f3 Nh5 17. Bc1 Bd4+ 18. Kh1 Qh4 19. Ne2 Be5 20. f4 Bg7 21. Ra3 Nf6 22. Rh3 Qg4 23. Rg3 Qd7 24. Nc3 Rab8 25. a5 b5 26. axb6 Rxb6 27. Re3 Ng4 28. Ree1 Bd4 29. Re2 Qe7 30. Qd3 Qh4 31. Qg3 Qxg3 32. hxg3 Rb3 33. Rf3 Bxc3 34. Rxc3 Rxc3 35. bxc3 Rxe4 36. Rxe4 Nf2+ 37. Kh2 Nxe4 38. Bb2 f5 39. Kh3 Kf7 0-1

[Event "Berlin Lichtenrade op 15th"]
[Site "Berlin"]
[Date "2019.10.12"]
[Round "1"]
[White "Postler, Reinhard"]
[Black "Ibrahim, Kinan"]
[Result "1-0"]
[WhiteElo "2240"]
[BlackElo "1622"]
[PlyCount "47"]
[EventDate "2019.10.12"]
[EventType "swiss"]
[EventRounds "9"]
[EventCountry "GER"]
[SourceTitle "CBM 192 Extra"]
[Source "Chessbase"]
[SourceDate "2019.11.06"]
[SourceVersion "1"]
[SourceVersionDate "2019.11.06"]
[SourceQuality "1"]

1. e4 c5 2. Nf3 Nc6 3. d4 cxd4 4. Nxd4 g6 5. c4 Bg7 6. Be3 d6 7. Nc3 Nf6 8. Be2 Bd7 9. 0-0 Qc7 10. Rc1 Nxd4 11. Bxd4 Bc6 12. Nd5 Bxd5 13. cxd5 Qd7 14. Qb3 a6 15. Bb6 Nxe4 16. Rc7 Nc5 17. Qc4 Qa4 18. b4 h5 19. bxc5 Qxc4 20. Bxc4 Bd4 21. Rxb7 Rc8 22. c6 Bxb6 23. Rxb6 0-0 24. Bxa6 1-0

[Event "GER-ch Seniors 65 31st"]
[Site "Radebeul"]
[Date "2019.05.03"]
[Round "8"]
[White "Selig, Rainer"]
[Black "Postler, Reinhard"]
[Result "0-1"]
[WhiteElo "2048"]
[BlackElo "2247"]
[PlyCount "106"]
[EventDate "2019.04.26"]
[EventType "swiss"]
[EventRounds "9"]
[EventCountry "GER"]
[SourceTitle "CBM 190 Extra"]
[Source "ChessBase"]
[SourceDate "2019.07.15"]
[SourceVersion "1"]
[SourceVersionDate "2019.07.15"]
[SourceQuality "1"]

1. d4 Nf6 2. Nf3 e6 3. c4 d5 4. Nc3 c6 5. e3 Nbd7 6. Be2 Bd6 7. 0-0 0-0 8. Qc2 Qe7 9. e4 dxe4 10. Nxe4 Nxe4 11. Qxe4 e5 12. dxe5 Nxe5 13. Nxe5 Qxe5 14. Qxe5 Bxe5 15. Rd1 Bf5 16. g4 Bc2 17. Rd2 Be4 18. Bd3 Bf3 19. Be2 Bxe2 20. Rxe2 f6 21. Be3 Rfd8 22. Rae1 Kf7 23. h3 Rd3 24. Kg2 Rad8 25. Bc5 a6 26. Be3 R8d7 27. Bc5 Rd1 28. Rxd1 Rxd1 29. b3 g5 30. Be3 Ke6 31. Bd2 b5 32. cxb5 axb5 33. f4 gxf4 34. Bxf4 c5 35. Be3 c4 36. bxc4 bxc4 37. Kf3 c3 38. Ke4 Rh1 39. Rg2 Rxh3 40. a4 Rh1 41. Ra2 Rh4 42. Kf3 Kd5 43. Bf4 Bxf4 44. Kxf4 h5 45. a5 Rxg4+ 46. Kf5 Rg8 47. a6 Ra8 48. Kxf6 h4 49. Kg5 h3 50. Kg4 h2 51. Rxh2 Rxa6 52. Kf3 Kc4 53. Rh8 Re6 0-1

[Event "GER-ch Seniors 65 31st"]
[Site "Radebeul"]
[Date "2019.05.02"]
[Round "7"]
[White "Postler, Reinhard"]
[Black "Schmidt, Joerg"]
[Result "1-0"]
[WhiteElo "2247"]
[BlackElo "2016"]
[PlyCount "65"]
[EventDate "2019.04.26"]
[EventType "swiss"]
[EventRounds "9"]
[EventCountry "GER"]
[SourceTitle "CBM 190 Extra"]
[Source "ChessBase"]
[SourceDate "2019.07.15"]
[SourceVersion "1"]
[SourceVersionDate "2019.07.15"]
[SourceQuality "1"]

1. e4 e6 2. d4 d5 3. Nd2 dxe4 4. Nxe4 Bd7 5. Nf3 Bc6 6. Bd3 Nd7 7. 0-0 Ngf6 8. Nxf6+ Qxf6 9. Be2 h6 10. c3 Bd6 11. Be3 0-0 12. Nd2 Bf4 13. Bxf4 Qxf4 14. Bf3 Bxf3 15. Nxf3 Rfd8 16. Qe2 c6 17. Rad1 Nf6 18. Rfe1 Qc7 19. Rd2 b5 20. Ne5 Rd6 21. Rd3 c5 22. dxc5 Qxc5 23. Rxd6 Qxd6 24. Qxb5 Rb8 25. Qe2 Nd5 26. g3 Rb7 27. c4 Nb4 28. Rd1 Qb8 29. b3 a5 30. Rd2 Qe8 31. a3 Na6 32. Rd6 Nb8 33. Qd3 1-0

[Event "GER-ch Seniors 65 31st"]
[Site "Radebeul"]
[Date "2019.04.30"]
[Round "5"]
[White "Seidel, Arnold"]
[Black "Postler, Reinhard"]
[Result "0-1"]
[WhiteElo "2018"]
[BlackElo "2247"]
[PlyCount "124"]
[EventDate "2019.04.26"]
[EventType "swiss"]
[EventRounds "9"]
[EventCountry "GER"]
[SourceTitle "CBM 190 Extra"]
[Source "ChessBase"]
[SourceDate "2019.07.15"]
[SourceVersion "1"]
[SourceVersionDate "2019.07.15"]
[SourceQuality "1"]

1. e4 c5 2. Nf3 e6 3. d4 cxd4 4. Nxd4 Nf6 5. Bd3 Nc6 6. c3 d5 7. Nxc6 bxc6 8. exd5 exd5 9. 0-0 Be6 10. Re1 Be7 11. Qc2 0-0 12. Bg5 h6 13. Bh4 Qc7 14. Nd2 Rfe8 15. Nf3 Ng4 16. Bxe7 Rxe7 17. Re2 Rae8 18. Rae1 Nf6 19. Nd4 c5 20. Nxe6 Rxe6 21. g3 Qd6 22. Bf5 Re5 23. f4 R5e7 24. Kf1 g6 25. Bh3 d4 26. Qd3 Rxe2 27. Rxe2 Rxe2 28. Kxe2 Qb6 29. b3 Nd5 30. cxd4 cxd4 31. Kf3 Nc3 32. Bf1 Nxa2 33. Qb5 Qc7 34. Qe8+ Kg7 35. Qe5+ Qxe5 36. fxe5 Nc3 37. Bc4 g5 38. g4 f6 39. e6 Kf8 40. Kf2 a5 41. Ke1 Ne4 42. Ke2 Nc5 43. Kf3 Ke7 44. Bd5 Kd6 45. Bc4 d3 46. Ke3 d2 47. Kxd2 Nxe6 48. Ke3 Ke5 49. Bf1 Nd4 50. Bc4 f5 51. gxf5 Nxf5+ 52. Kf3 h5 53. Bf7 g4+ 54. Kg2 h4 55. Be8 Kf4 56. Bh5 h3+ 57. Kf2 g3+ 58. Ke1 g2 59. Kf2 Nd4 60. Kg1 Nf3+ 61. Bxf3 Kxf3 62. b4 a4 0-1

[Event "Berlin Lichtenberger op 17th"]
[Site "Berlin"]
[Date "2018.08.26"]
[Round "9"]
[White "Postler, Reinhard"]
[Black "Elsing, Jan"]
[Result "1-0"]
[WhiteElo "2251"]
[BlackElo "2129"]
[PlyCount "93"]
[EventDate "2018.08.18"]
[EventType "swiss"]
[EventRounds "9"]
[EventCountry "GER"]
[SourceTitle "CBM 186 Extra"]
[Source "ChessBase"]
[SourceDate "2018.08.24"]
[SourceVersion "1"]
[SourceVersionDate "2018.08.24"]
[SourceQuality "1"]

1. e4 Nf6 2. e5 Nd5 3. d4 d6 4. Nf3 Bg4 5. Be2 e6 6. 0-0 Be7 7. c4 Nb6 8. exd6 cxd6 9. Be3 Nc6 10. d5 exd5 11. cxd5 Nb8 12. Nc3 N8d7 13. Qd4 Nf6 14. h3 Bxf3 15. Bxf3 Nbd7 16. Qb4 b6 17. Bf4 Nc5 18. Rfe1 0-0 19. Be2 Nfd7 20. Nb5 Ne5 21. Bxe5 dxe5 22. d6 Bf6 23. Rad1 a5 24. Qc4 Rb8 25. Bf3 e4 26. Bxe4 Nxe4 27. Rxe4 Bxb2 28. Re7 Bf6 29. Rc7 Qe8 30. Qd5 Qe6 31. Na7 Bd8 32. Qxe6 fxe6 33. Rd7 b5 34. Nc6 Ra8 35. Rb7 Ra6 36. Rc1 Rb6 37. Nxd8 Rxd6 38. Nc6 Rd2 39. Ne7+ Kh8 40. Rxb5 Rxa2 41. Rc8 Rxc8 42. Nxc8 a4 43. Nd6 g6 44. Rb7 a3 45. Ne4 Kg8 46. Ra7 Ra1+ 47. Kh2 1-0

[Event "Berlin Lichtenberger op 17th"]
[Site "Berlin"]
[Date "2018.08.18"]
[Round "1"]
[White "Bergmann, Jens"]
[Black "Postler, Reinhard"]
[Result "0-1"]
[WhiteElo "1835"]
[BlackElo "2251"]
[PlyCount "56"]
[EventDate "2018.08.18"]
[EventType "swiss"]
[EventRounds "9"]
[EventCountry "GER"]
[SourceTitle "CBM 186 Extra"]
[Source "ChessBase"]
[SourceDate "2018.08.24"]
[SourceVersion "1"]
[SourceVersionDate "2018.08.24"]
[SourceQuality "1"]

1. e4 c5 2. f4 d6 3. Nf3 Nc6 4. d4 cxd4 5. Nxd4 e6 6. Bb5 Bd7 7. c4 Nf6 8. Nc3 Qc7 9. Be3 a6 10. Qa4 Be7 11. Bxc6 bxc6 12. Qd1 c5 13. Nf3 Bc6 14. Qc2 Qb7 15. Nd2 d5 16. cxd5 exd5 17. Nxd5 Bxd5 18. exd5 Nxd5 19. Qa4+ Kf8 20. Nc4 Nxe3 21. Nxe3 Bh4+ 22. Ke2 Re8 23. Kd3 Qxb2 24. Qc4 Rd8+ 25. Nd5 Qb7 26. Ke4 f5+ 27. Ke5 Qc6 28. Rhd1 Re8+ 0-1

[Event "Oberliga Nord O 1718"]
[Site "Germany"]
[Date "2017.12.10"]
[Round "4.3"]
[White "Postler, Reinhard"]
[Black "Gyorkos, Lajos"]
[Result "1-0"]
[WhiteElo "2246"]
[BlackElo "2326"]
[PlyCount "73"]
[EventDate "2017.10.08"]
[EventType "team-tourn"]
[EventRounds "9"]
[EventCountry "GER"]
[SourceTitle "EXT 2019"]
[Source "ChessBase"]
[SourceDate "2018.10.10"]
[SourceVersion "1"]
[SourceVersionDate "2018.10.10"]
[SourceQuality "1"]
[WhiteTeam "Berlin Oberschoeneweide"]
[BlackTeam "Neuruppin"]
[WhiteTeamCountry "GER"]
[BlackTeamCountry "GER"]

1. e4 c5 2. Nf3 e6 3. d4 cxd4 4. Nxd4 a6 5. Nc3 b5 6. Bd3 Qb6 7. Nb3 Qc7 8. 0-0 Bb7 9. Qe2 d6 10. f4 Nd7 11. Bd2 Ngf6 12. Nd1 Nc5 13. Nxc5 dxc5 14. c4 b4 15. e5 Nd7 16. Nf2 Be7 17. Be4 0-0 18. a3 a5 19. a4 Rfd8 20. Be3 f5 21. exf6 Nxf6 22. Bxb7 Qxb7 23. b3 Qc6 24. Rad1 Rf8 25. Rd2 Rac8 26. Rfd1 Rc7 27. Rd3 Rd7 28. Rxd7 Nxd7 29. Ng4 Rc8 30. Bc1 Bf8 31. Bb2 Re8 32. Nh6+ gxh6 33. Qg4+ Kf7 34. Qh5+ Ke7 35. Qh4+ Kf7 36. Rxd7+ Qxd7 37. Qf6+ 1-0